La carrière de Djibril Cissé - Statistiques

Statistiques générales
  • Ce quiz a été pris 86 fois
  • Le résultat moyen est 5 sur 12
Statistiques - réponses
Année(s) Réponse Pays Matchs (Buts) % Correct
1999-2004 AJ Auxerre France 169 (90)
96%
2006-2009 Olympique de Marseille France 80 (37)
92%
2004-2007 Liverpool FC Angleterre 79 (24)
65%
2009-2011 Panathinaïkos Grèce 89 (55)
59%
2014-2015 SC Bastia France 27 (6)
47%
2012-2013 Queens Park Rangers Angleterre 29 (10)
33%
2011-2012 Lazio Rome Italie 27 (5)
21%
2013 Kouban Krasnodar Russie 25 (5)
19%
Prêt 2008-2009 Sunderland AFC Angleterre 38 (11)
15%
2015 JS Saint-Pierroise Reunion 1 (0)
8%
2017-2018 Yverdon-Sport Suisse 29 (24)
8%
2013 Al-Gharafa SC (Doha) Qatar 19 (6)
5%
Aucun quiz correspondant
Distribution des résultats
% des personnes avec chaque résultat
Percentile par nombre de réponses
Votre historique - résultats
Vous n’avez pas pris ce quiz